| 000 | 00681nam a2200193Ia 4500 | ||
|---|---|---|---|
| 008 | 151119s9999||||xx |||||||||||||| ||und|| | ||
| 082 | _a922.945 | ||
| 082 | _bGKKV20710 | ||
| 100 | _aकोपर्डेकर शरदचंद्र | ||
| 245 | _aविचारधन भाग १ | ||
| 260 | _aपुणे | ||
| 260 | _bइंद्रायणी साहित्य प्रकाशन | ||
| 260 | _c0 | ||
| 600 | _aकोपर्डेकर शरदचंद्र | ||
| 630 | _aविचारधन भाग १ | ||
| 700 | _aकोपर्डेकर शरदचंद्र | ||
| 730 | _aविचारधन भाग १ | ||
| 942 | _cBOOK | ||
| 999 |
_c1073577 _d1073574 |
||